000 01135cam a2200301 a 4500
001 13127092
003 OSt
005 20170222122559.0
008 030318s2004 nyuab j e 001 0deng
010 _a 2003045591
020 _a0439438160
040 _aDLC
_cDLC
_dDLC
042 _alcac
050 0 0 _aAG5
_b.S36 2004
082 0 0 _a031
_221
245 0 0 _aScholastic children's encyclopedia.
260 _aNew York :
_bScholastic Reference,
_cc2004.
300 _aix, 710 p. :
_bill. (chiefly col.), col. maps ;
_c27 cm.
500 _aIncludes index.
520 _aPresents brief articles on a wide variety of topics from Abolition Movement and Earthquakes to Prehistoric Peoples and Zoology.
650 0 _aChildren's encyclopedias and dictionaries.
650 1 _aEncyclopedias and dictionaries.
710 2 _aScholastic Inc.
856 4 2 _3Publisher description
_uhttp://www.loc.gov/catdir/description/schol051/2003045591.html
906 _a7
_bcbc
_corignew
_d1
_eocip
_f20
_gy-gencatlg
942 _2lcc
_cBK
999 _c255617
_d255616